| 000 | 00577nam a2200169Ia 4500 | ||
|---|---|---|---|
| 008 | 110201s9999 xx 000 0 und d | ||
| 082 |
_bB902 _aK 722 |
||
| 100 | _aधुरी विरेंद्र ह. | ||
| 245 | _aचितेवरची फुले | ||
| 260 | _bडिंपल पब्लिकेशन | ||
| 365 | _b22 | ||
| 600 | _aधुरी विरेंद्र ह. | ||
| 630 | _aचितेवरची फुले | ||
| 700 | _aधुरी विरेंद्र ह. | ||
| 730 | _aचितेवरची फुले | ||
| 942 | _cBOOK | ||
| 999 |
_c828277 _d828274 |
||